000 00978nam a2200253 a 4500
001 000001829
005 20200929145723.0
008 090629s2000 cu 001 0 spa d
020 _a9592112134
082 _a320.531
_aP418c
245 0 3 _aEl pensamiento del Che /
_cselección de María del Carmen Ariet; edición Imeldo Álvarez García.
260 _aLa Habana :
_bCapitán San Luis,
_c2000.
300 _a141 p. ;
_c20 cm.
440 0 _aPensamiento revolucionario
_95956
500 _aIncluye índice
500 _aEl pensamiento ético de Ernesto Che Guevara, y su concepción sobre el papel que desempeñan las masas en nuestra revolución
600 1 4 _aGUEVARA, ERNESTO
_d1928-1967
_xPENSAMIENTO POLÍTICO Y SOCIAL
_95957
650 4 _aSocialismo
_zCuba
_95958
650 4 _aÉtica comunista
_95959
651 4 _aCuba
_xHistoria
_xRevolución,
_y1959
_95960
700 1 _aAriet, María del Carmen
_95961
700 1 _aÁlvarez García, Imeldo
_95962
999 _c1706
_d1706
040 _aDO-SdBNP